00302pam a2200109 a 4500020000500000041000500005082001700010100001800027245010600045260002500151300001600176 c h a751.422bTAI aWendy Tait . aReady to Paint water cjolour flowers bReady to Paint water cjolour flowers hTextual Documents a[s.l]:bSearch Press a48:bpaper.